000 00790nai a2200205Ia 4500
003 IN-BaIIA
008 211028c9999 xx s 000 0 eng d
022 _a0097-4544 (Print)
022 _a1558-2450 (Online)
040 _cIIA Library
245 0 _aIEEE Transactions on Product Engineering and Production
_h[eJournal]
260 _aNew York, USA
_bThe Institute of Electrical and Electronics Engineers, Inc. (IEEE)
310 _aAnnually
362 _a7(1); 1963 - 9(1); 1965
521 _bSubscribed through National Knowledge Resource Consortium (NKRC)
650 _a Components, Circuits, Devices and Systems
650 _aPower, Energy and Industry Applications
856 _uhttps://ieeexplore.ieee.org/servlet/opac?punumber=8224
_yClick Here to Access eJournal
942 _cEJ
999 _c34723
_d34723